| 000 | 00802nam a22002177a 4500 | ||
|---|---|---|---|
| 003 | OSt | ||
| 005 | 20250828062518.0 | ||
| 008 | 240827b ||||| |||| 00| 0 eng d | ||
| 040 | _c0 | ||
| 082 | _aDPer 570 J826 2021 v. 53 n. 1-5. | ||
| 100 |
_aSchmidt, Hiemke K. _eauthor. _959087 |
||
| 245 |
_aIs knowledge in various domains needed to understand bioethical issues? / _cHiemke K. Schmidt. |
||
| 260 |
_aUnited Kingdom ; _bTaylor & Francis Group, _cSeptember 2019. |
||
| 300 |
_avolume 53, pages 431-440, _billustration. |
||
| 500 | _aJournal of Biological Education, v. 53 n. 4, pages 431-440, September 2019. | ||
| 650 | 0 |
_aInterdisciplinary approach. _966470 |
|
| 650 | 0 |
_aEthics. _966471 |
|
| 650 | 0 |
_aPrior Learning. _966472 |
|
| 700 |
_aSchmidt, Hiemke K. _eauthor. _959087 |
||
| 942 |
_2ddc _cPER |
||
| 999 |
_c20936 _d20936 |
||